Klasifikácia karcinómu endometria pomocou genomických, proteomických a histologických analýz

Gespeichert in:
Bibliographische Detailangaben
1. Verfasser: Matejka, Matúš (Verfasst von)
Weitere Verfasser: Elefantová, Katarína (Betreuung Doktorarbeit)
Format: Manuskript Buch
Sprache:Slowakisch
Veröffentlicht: 2021
Schlagworte:
Online-Zugang:http://is.stuba.sk/zp/portal_zp.pl?podrobnosti=151591
Tags: Tag hinzufügen
Keine Tags, Fügen Sie das erste Tag hinzu!

MARC

LEADER 00000ntm a22000003a 4500
001 stuzp84852
003 SK-STU
005 20210626211810.4
007 ta
008 150427s2015----xo-----f-mn---000-0-slo-d
040 |a STU  |b slo 
041 0 |a slo 
100 1 |a Matejka, Matúš  |u 043000  |4 aut  |U FCHPT Fakulta chemickej a potravinárskej technológie  |T FCHPT Ústav biochémie a mikrobiológie  |X 99045  |U C3000  |Y 101  |7 99045 
242 0 1 |a Classification of endometrial carcinoma using genomic, proteomic and histological analysis  |y eng 
245 1 0 |a Klasifikácia karcinómu endometria pomocou genomických, proteomických a histologických analýz 
260 |c 2021 
650 4 |a histologická analýza  |2 slo 
650 4 |a proteomická analýza  |2 slo 
650 4 |a genomická analýza  |2 slo 
650 4 |a karcinóm endometria  |2 slo 
650 4 |a endometrial carcinoma  |2 eng 
650 4 |a histological analysis  |2 eng 
650 4 |a proteomic analysis  |2 eng 
650 4 |a genomic analysis  |2 eng 
700 1 |a Elefantová, Katarína  |u 043000  |k Z2  |4 ths  |U FCHPT Fakulta chemickej a potravinárskej technológie  |T FCHPT Ústav biochémie a mikrobiológie  |X 26866  |U C3000  |Y 101  |7 A000026866 
856 4 |u http://is.stuba.sk/zp/portal_zp.pl?podrobnosti=151591